000 01574cam a2200373 i 4500
001 18977654
003 OSt
005 20251210133827.0
008 160217s2016 ilu b 001 0 eng
010 _a 2016007933
020 _a9780830851355
_qpbk. : alk. paper
035 _a18977654
040 _aDLC
_beng
_cDLC
_erda
_dDLC
042 _apcc
050 0 0 _aN6494.M64
_bA53 2016
082 0 0 _a261.5/7
_223
100 1 _aAnderson, Jonathan A.,
_d1977-
_eauthor.
245 1 0 _aModern art and the life of a culture :
_bthe religious impulses of modernism /
_cJonathan A. Anderson and William A. Dyrness.
264 1 _aDowners Grove, Illinois :
_bIVP Academic, and imprint of InterVarsity Press,
_c[2016]
300 _a374 pages ;
_c23 cm.
336 _atext
_2rdacontent
337 _aunmediated
_2rdamedia
338 _avolume
_2rdacarrier
490 0 _aStudies in Theology and the Arts
504 _aIncludes bibliographical references (pages 339-360) and index.
600 1 0 _aRookmaaker, H. R.
_q(Hendrik Roelof),
_d1922-1977.
_tModern art and the death of a culture.
650 0 _aModernism (Art)
_xThemes, motives.
650 0 _aChristianity and art.
700 1 _aDyrness, William A.,
_eauthor.
776 0 8 _iOnline version:
_aAnderson, Jonathan A., 1977- author.
_tModern art and the life of a culture
_dDowners Grove, IL : InterVarsity Press, 2016
_z9780830899975
_w(DLC) 2016008542
906 _a7
_bcbc
_corignew
_d1
_eecip
_f20
_gy-gencatlg
942 _2lcc
_cBK
999 _c21005
_d21004